书目信息 |
| 题名: |
毛皮兽养殖技术问答
|
|
| 作者: | 佟煜人 , 籍玉林 主编 | |
| 分册: | ||
| 出版信息: | 北京 金盾出版社 1989.08 |
|
| 页数: | 205页 | |
| 开本: | 19cm | |
| 丛书名: | ||
| 单 册: | ||
| 中图分类: | S865.2 | |
| 科图分类: | ||
| 主题词: | 狩猎 , 野生动物--驯养 | |
| 电子资源: | ||
| ISBN: | 7-80022-134-2 | |
| 000 | 00636nam0 2200217 450 | |
| 001 | 0753963387 | |
| 005 | 20071229091150.79 | |
| 010 | @a7-80022-134-2@dCNY6.00 | |
| 100 | @a20071129d1989 km y0chiy0120 ea | |
| 101 | 0 | @achi |
| 102 | @aCN@b110000 | |
| 200 | 1 | @a毛皮兽养殖技术问答@Amao pi shou yang zhi ji shu wen da@f佟煜人,籍玉林主编@Ftong yu ren,ji yu lin zhu bian |
| 210 | @a北京@c金盾出版社@d1989.08 | |
| 215 | @a205页@d19cm | |
| 606 | 0 | @a狩猎 |
| 606 | 0 | @a野生动物@x驯养 |
| 690 | @aS865.2@v4 | |
| 701 | 0 | @a佟煜人@Atong yu ren@4主编 |
| 701 | 0 | @a籍玉林@Aji yu lin@4主编 |
| 801 | 0 | @aCN@bPFT@c20071229 |
| 905 | @aBZT@dS865.2@e17 | |
| 毛皮兽养殖技术问答/佟煜人,籍玉林主编.-北京:金盾出版社,1989.08 |
| 205页;19cm |
| ISBN 7-80022-134-2:CNY6.00 |
| ● |
| 相关链接 |
|
|
|
正题名:毛皮兽养殖技术问答
索取号:S865.2/17
 
预约/预借
| 序号 | 登录号 | 条形码 | 馆藏地/架位号 | 状态 | 备注 |
| 1 | 029437 | 220003438 | 中心书库中库/ 中库031架A面5列5层45/ [索取号:S865.2/17] | 在馆 | |
| 2 | 029438 | 220003437 | 中心书库中库/ 中库031架A面5列5层38/ [索取号:S865.2/17] | 在馆 | |
| 3 | 105547 | 220003436 | 中心书库中库/ 中库031架A面6列5层53/ [索取号:S865.2/17] | 在馆 | |
| 4 | 105548 | 200840359 | 中心书库中库/ 中库031架A面5列6层69/ [索取号:S865.2/17] | 在馆 | |
| 5 | 105549 | 220000972 | 中心书库中库/ 中库031架A面5列6层76/ [索取号:S865.2/17] | 在馆 | |
| 6 | 105550 | 220000971 | 中心书库中库/ 中库031架A面5列6层73/ [索取号:S865.2/17] | 在馆 | |
| 7 | 105551 | 220000970 | 中心书库中库/ 中库031架A面5列6层46/ [索取号:S865.2/17] | 在馆 | |
| 8 | 105552 | 220000969 | 中心书库中库/ 中库031架A面5列6层77/ [索取号:S865.2/17] | 在馆 | |
| 9 | 105553 | 220000968 | 中心书库中库/ 中库031架A面5列6层78/ [索取号:S865.2/17] | 在馆 | |
| 10 | 105554 | 220000967 | 中心书库中库/ 中库031架A面5列6层79/ [索取号:S865.2/17] | 在馆 | |
| 11 | 105555 | 220000966 | 中心书库中库/ 中库031架A面5列6层80/ [索取号:S865.2/17] | 在馆 | |
| 12 | 105556 | 220000965 | 中心书库中库/ 中库031架A面5列6层81/ [索取号:S865.2/17] | 在馆 | |
| 13 | 105557 | 220000964 | 中心书库中库/ 中库031架A面5列6层82/ [索取号:S865.2/17] | 在馆 | |
| 14 | 105558 | 220000963 | 中心书库中库/ 中库031架A面5列6层72/ [索取号:S865.2/17] | 在馆 | |
| 15 | 105559 | 220003435 | 中心书库中库/ 中库031架A面5列5层44/ [索取号:S865.2/17] | 在馆 | |
| 16 | 105560 | 220003434 | 中心书库中库/ 中库031架A面5列5层39/ [索取号:S865.2/17] | 在馆 | |
| 17 | 105561 | 220003433 | 中心书库中库/ 中库031架A面5列5层40/ [索取号:S865.2/17] | 在馆 | |
| 18 | 105562 | 220003432 | 中心书库中库/ 中库031架A面5列5层41/ [索取号:S865.2/17] | 在馆 | |
| 19 | 105563 | 220003431 | 中心书库中库/ 中库031架A面5列5层42/ [索取号:S865.2/17] | 在馆 | |
| 20 | 105564 | 220003430 | 中心书库中库/ 中库031架A面5列5层43/ [索取号:S865.2/17] | 在馆 | |
| 21 | 105565 | 220003429 | 中心书库中库/ 中库031架A面1列4层25/ [索取号:S865.2/17] | 在馆 |